000 00595cam a22002293a 4500
001 10481
003 PGUSA
005 20140828083225.0
008 031201s2003||||xxu|||||s|||||000 1 eng d
040 _aPGUSA
_beng
042 _adc
050 4 _aPH
100 1 _aAho, Juhani,
_d1861-1921
245 1 0 _aRautatie
_h[electronic resource] /
_cJuhani Aho
260 _bProject Gutenberg,
_c2003
506 _aPublic domain in the USA.
516 _aElectronic text
653 _aFiction
830 0 _aProject Gutenberg
_v10481
856 4 0 _uhttp://www.gutenberg.org/ebooks/10481
942 _cEB
999 _c239736
_d239736